Culture & communication: the logic by which symbols are connected : an introduction to the use of structuralis analysis in social anthropology /

Guardado en:
Bibliografiske detaljer
Hovedforfatter: Leach, Edmund Ronald Autor/a
Format: Bog
Sprog:Spanish
English
Udgivet: Cambridge: Cambridge University Press, 1976.
Serier:Themes in the social sciences / editors Jack Goody & Geoffrey Hawthorn
Fag:
Tags: Tilføj Tag
Ingen Tags, Vær først til at tagge denne postø!

MARC

LEADER 00000nam a22000007a 4500
008 180530b xxu||||| |||| 00| 0 spa d
041 0 |a eng 
082 0 4 |a 306  |b L434c  
100 1 |a Leach, Edmund Ronald  |c  Autor/a  
245 1 0 |a Culture & communication:  |b the logic by which symbols are connected : an introduction to the use of structuralis analysis in social anthropology /   |c Edmund Leach 
260 1 |a Cambridge:   |b Cambridge University Press,  |c 1976. 
300 |a 105 páginas:  |b ilustraciones 
490 0 |a  Themes in the social sciences / editors Jack Goody & Geoffrey Hawthorn 
500 |a Reimpresiones: 1991 
500 |a Donación George Yúdice  
650 |a ANTROPOLOGIA SOCIAL 
650 |a ANTROPOLOGIA ESTRUCTURAL 
650 |a SEMIOLOGIA 
650 |a SIMBOLISMO 
942 |2 ddc  |c BK 
999 |c 22010  |d 22010